00821nam a2200217 i 450000100060000000300090000600500170001500700030003200800410003510000410007624500330011725000150015026001050016530000350027071000560030571000440036171000270040585200320043299900170046495201220048140374ES-MaACL20240427063111.0t|030306s1967 sp ||||1| spa d0 aCardenal, Ernesto,d1925-202093512510aSalmos / cErnesto Cardenal. a[1ª ed.]. a[Avila : bDiputación Provincial : bInstitución Gran Duque de Alba : bDiario de Avila, c1967] a76 p., 1 retr. aut. ; c15 cm.1 aAvila (Provincia). bDiputación Provincial.920752 aInstitución Gran Duque de Alba.947232 aDiario de Avila.93386 aES-MaACLjC-34307 bR.65142 c40374d40374 00104070aATENEOMbATENEOMcDEPO2d2008-01-17eSCl0oC-34307p1042504r2023-02-23 00:00:00w2023-02-23yMONOGRAFIA